| 000 | 00916nam a22002537a 4500 | ||
|---|---|---|---|
| 005 | 20170123162318.0 | ||
| 010 | _aB-012701 | ||
| 020 | _c150.00 | ||
| 035 | _aB-012701 | ||
| 037 | _bCen Lib/Ret | ||
| 040 |
_aDPL _bUR |
||
| 082 |
_a841.08 _bا ن و |
||
| 100 |
_aمناظر عاشق ہرگانوی _9115740 |
||
| 245 |
_aانور شیخ : _bکالی دس گپتا رضا _cبحثیت شعار / |
||
| 246 |
_aAnwar Shekh : bahsiyat shayar / _bby Munazar Ashiq Harnagari |
||
| 260 |
_aنیی دہلی _bنرالی دنیا پبلکشانس _c1999 |
||
| 270 |
_a358-A, بازار دہلی گیٹ، دریاگنج _bنیی دہلی _e110002 |
||
| 300 |
_a160p. _c21cm(Hb) |
||
| 650 |
_aاردو ادب _9115741 |
||
| 650 |
_aاردوساوانے عمری _9115742 |
||
| 650 |
_aUrdu literature _9115743 |
||
| 650 |
_aUrdu biography _9511 |
||
| 942 |
_2ddc _cUR _h841.08 _mا ن و |
||
| 999 |
_c106863 _d106863 |
||